| 000 | 01154nam a2200265 4500 | ||
|---|---|---|---|
| 010 | _aA-169764 | ||
| 020 | _c100.00 | ||
| 035 | _aA-169764 | ||
| 037 | _bCen Lib / Ret | ||
| 040 |
_aDPL _bHN |
||
| 082 |
_a821 _bहरिवं |
||
| 100 | _aहरिवंस राय बच्चन | ||
| 245 |
_aबच्चन रचनावली / _cहरिवंस राय बच्चन ; सम्पादक अजित कुमार |
||
| 246 |
_aBachchan Rachnawali / _bby Harivansh Ray Bachchn ; edied by Ajit Kumar |
||
| 260 |
_aनई दिल्ली _bराजकमल प्रकाशन |
||
| 270 |
_a8, नेताजी सूभाष मार्ग _bनई दिल्ली _e110002 |
||
| 300 |
_a9 v ; v 3. 554 v 2. 565 ; v 4. 453 ; v 5. 501 ; v 6. 491 ; v 7. 491 ;v 8. 581 v 9. 461 _b24cm(Hb) |
||
| 505 | _a9 v ; (v.1 not available) | ||
| 650 | _aHindi sahitya | ||
| 650 | _aHindi kavitae | ||
| 650 | _aहिन्दी साहित्य | ||
| 650 | _aहिंदी कविता | ||
| 700 | _aअजित कुमार | ||
| 942 |
_2ddc _cHN _h821 _mहरिवं |
||
| 999 |
_c122123 _d122123 |
||